| 000 | 01063cam a2200277 4500 | ||
|---|---|---|---|
| 001 | 1725590 | ||
| 003 | ARRUPE | ||
| 005 | 20150106122648.0 | ||
| 008 | 731116s1973 dcu b 000 0 eng | ||
| 010 | _a 73087759 | ||
| 040 |
_aDLC _cDLC _dDLC |
||
| 043 |
_af-rh--- _an-us--- |
||
| 050 | 0 | 0 |
_aSPC HD9529.S623 _bU546 |
| 100 | 1 |
_aPolan, Diane. _913147 |
|
| 245 | 1 | 0 |
_aIrony in chrome _c/ Diane Polan; Anthony Lake, project director. _bthe Byrd amendment two years later. |
| 260 |
_aWashington, _bCarnegie Endowment for International Peace, _c1973 |
||
| 300 |
_av, 37 p. _c23 cm. |
||
| 410 | 2 | 0 |
_aCarnegie Endowment for International Peace. _bSpecial Rhodesia Project. _tInterim report |
| 504 | _aIncludes bibliographical references. | ||
| 650 | 0 |
_aChrome steel industry _zUnited States. _913148 |
|
| 651 | 0 |
_aUnited States _xForeign economic relations _zZimbabwe. _913149 |
|
| 651 | 0 |
_aZimbabwe _xForeign economic relations _zUnited States. _913150 |
|
| 700 | 1 |
_aLake, Anthony. _913151 |
|
| 906 |
_a7 _bcbc _corignew _d2 _eopcn _f19 _gy-gencatlg |
||
| 942 |
_2lcc _cSPC |
||
| 999 |
_c121415 _d121415 |
||